Statistics for Countries Formerly in Yugoslavia

Click here to take the quiz!

General Stats

  • This quiz has been taken 92,000 times
  • The average score is 6 of 7

Answer Stats

Country% Correct
Serbia
96%
Croatia
95%
Bosnia and Herzegovina
94%
Slovenia
90%
Kosovo
89%
Montenegro
88%
North Macedonia
87%

Score Distribution

Percentile by Number Answered

Percent of People with Each Score

Your Score History

You have not taken this quiz